Автоматизированное рабочее место коменданта студенческого общежития; Информационные технологии в науке, управлении, социальной сфере и медицине
| Parent link: | Информационные технологии в науке, управлении, социальной сфере и медицине.— 2015.— [С. 219-220] |
|---|---|
| Hovedforfatter: | |
| Institution som forfatter: | |
| Andre forfattere: | |
| Summary: | Заглавие с титульного экрана This article is dedicated to educational institution dormitories residents accounting process automation issue. |
| Sprog: | russisk |
| Udgivet: |
2015
|
| Serier: | Информационные системы и технологии |
| Fag: | |
| Online adgang: | http://earchive.tpu.ru/handle/11683/17339 http://www.lib.tpu.ru/fulltext/c/2015/C24/097.pdf |
| Format: | MixedMaterials Electronisk Book Chapter |
| KOHA link: | https://koha.lib.tpu.ru/cgi-bin/koha/opac-detail.pl?biblionumber=613810 |
MARC
| LEADER | 00000naa2a2200000 4500 | ||
|---|---|---|---|
| 001 | 613810 | ||
| 005 | 20231101132757.0 | ||
| 035 | |a (RuTPU)RU\TPU\conf\11967 | ||
| 035 | |a RU\TPU\conf\11965 | ||
| 090 | |a 613810 | ||
| 100 | |a 20150901d2015 k y0rusy50 ca | ||
| 101 | 0 | |a rus |d eng | |
| 102 | |a RU | ||
| 105 | |a y z 101zy | ||
| 135 | |a drcn ---uucaa | ||
| 181 | 0 | |a i | |
| 182 | 0 | |a b | |
| 200 | 1 | |a Автоматизированное рабочее место коменданта студенческого общежития |d Workstation of commandant of student dormitory |f О. В. Тадырова, Д. В. Гнедаш | |
| 203 | |a Текст |c электронный | ||
| 225 | 1 | |a Информационные системы и технологии | |
| 230 | |a 1 компьютерный файл (pdf; 390 Kb) | ||
| 300 | |a Заглавие с титульного экрана | ||
| 330 | |a This article is dedicated to educational institution dormitories residents accounting process automation issue. | ||
| 337 | |a Adobe Reader | ||
| 463 | 0 | |0 (RuTPU)RU\TPU\conf\11725 |t Информационные технологии в науке, управлении, социальной сфере и медицине |o сборник научных трудов II Международной конференции, 19-22 мая 2015 г., Томск |f Национальный исследовательский Томский политехнический университет (ТПУ) ; ред. кол. О. Г. Берестнева [и др.] |v [С. 219-220] |d 2015 | |
| 510 | 1 | |a Workstation of commandant of student dormitory |z eng | |
| 610 | 1 | |a труды учёных ТПУ | |
| 610 | 1 | |a электронный ресурс | |
| 610 | 1 | |a автоматизированное рабочее место | |
| 610 | 1 | |a студенчество | |
| 610 | 1 | |a информационные системы | |
| 610 | 1 | |a общежития | |
| 610 | 1 | |a мониторинг | |
| 700 | 1 | |a Тадырова |b О. В. | |
| 701 | 1 | |a Гнедаш |b Д. В. | |
| 712 | 0 | 2 | |a Томский политехнический университет (ТПУ) |b Филиал |c (Юрга) |c (1993-2003) |2 stltpush |3 (RuTPU)RU\TPU\col\13991 |
| 801 | 2 | |a RU |b 63413507 |c 20210129 |g RCR | |
| 856 | 4 | |u http://earchive.tpu.ru/handle/11683/17339 | |
| 856 | 4 | |u http://www.lib.tpu.ru/fulltext/c/2015/C24/097.pdf | |
| 942 | |c BK | ||